| 000 | 00899nam a2200253 a 4500 | ||
|---|---|---|---|
| 001 | 58962 | ||
| 003 | BD-RjUL | ||
| 005 | 20211209080659.0 | ||
| 008 | 161220t1967 nyua b 001 0 eng | ||
| 035 | _a(BD-RjUL) 59086 | ||
| 040 |
_aDLC _cDLC _dDLC _dBD-RjUL _beng |
||
| 041 | _aeng | ||
| 082 | 0 | 0 |
_a380 _223 _bGRE 1967 |
| 100 | 1 |
_aGras, Norman Scott Brien, _d1884-1956. _9175330 |
|
| 245 | 1 | 4 |
_aThe evolution of the English corn market : _bfrom the twelfth to the eighteenth century / _cNorman Scott Brien Gras |
| 260 |
_aNew York : _bRussell & Russell, _cc1915 [Reissued 1967] |
||
| 300 |
_axiii, 498 p. : _bill. ; _c22 cm. |
||
| 490 | 0 |
_aHarvard economic studies ; _vv. 13 |
|
| 504 | _aBibliography: p. 465-479. | ||
| 650 | 0 |
_aGrain trade _zGreat Britain _xHistory. _9175331 |
|
| 650 | 0 |
_aCorn laws (Great Britain) _9175332 |
|
| 830 |
_aHarvard economic studies ; _vv. 13 _9175339 |
||
| 942 |
_2ddc _cBK |
||
| 999 |
_c58962 _d58962 |
||